man utd best ever players - Statistics

General Stats
  • This quiz has been taken 289 times
  • The average score is 8 of 16
Answer Stats
Hint Answer % Correct
8 wayne rooney
89%
9 cristiano ronaldo
85%
1 ryan giggs
82%
3 paul scholes
79%
15 david beckham
69%
6 george best
69%
14 rio ferdinand
64%
2 bobby charlton
60%
7 eric cantona
57%
5 roy keane
56%
11 peter schmeichel
39%
12 denis irwin
29%
10 bryan robson
25%
16 michael carrick
17%
4 duncan edwards
15%
13 alex stepney
4%
No matching quizzes found
Score Distribution
Percent of People with Each Score
Percentile by Number Answered
Your Score History
You have not taken this quiz